Stačí spojit čářy naučte se využívat další nástroje technické analýzy

Technická analýza je metóda analýzy trhu, ktorá študuje dopyt a ponuku daného nástroja na základe grafického zobrazenia vývoja cien - cenového grafu. Je nevyhnutným základom práce všetkých obchodníkov a investorov modernej doby. Autor sa zameriava na ďalšie nástroje a praktické ukážky technickej ana...

Descrizione completa

Salvato in:
Dettagli Bibliografici
Autore principale: Hartman, Ondřej
Natura: Capitolo di libro
Lingua:ceco
Soggetti:
Tags: Aggiungi Tag
Nessun Tag, puoi essere il primo ad aggiungerne!!

MARC

LEADER 00000naa$a2200000$$$4500
001 0112676
005 20230804111951.0
041 0 |a cze 
044 |a CZ 
245 1 0 |a Stačí spojit čářy  |b naučte se využívat další nástroje technické analýzy  |c Ondřej Hartman 
520 |a Technická analýza je metóda analýzy trhu, ktorá študuje dopyt a ponuku daného nástroja na základe grafického zobrazenia vývoja cien - cenového grafu. Je nevyhnutným základom práce všetkých obchodníkov a investorov modernej doby. Autor sa zameriava na ďalšie nástroje a praktické ukážky technickej analýzy. Pochopenie technickej analýzy môže viesť k veľkým ziskom a k efektívnym metódam predpovedania vývoja cien na finančných trhoch. 
610 2 0 |a analýza technická 
610 2 0 |a analýza trhu 
610 2 0 |a vývoj cenový 
100 1 |a Hartman, Ondřej